000 00642nam a2200229 i 4500
001 19293
003 ES-MaACL
005 20250815164339.0
007 t|
008 020709s2002 sp ||||1| spa d
020 _a84-7884-246-2
080 _a297
100 1 _aAruffo, Alessandro.
_923506
245 1 3 _aEl mundo islámico
_b: de Mahoma a hoy /
_cAlessandro Aruffo.
260 _aMadrid :
_bPopular,
_c[2002]
300 _a223 p. ;
_c21 cm.
490 1 _aA la izquierda ;
_v6
650 7 _aIslamismo
_2embne
_913903
830 0 _aA la izquierda ;
_v6
_9228873
852 _aES-MaACL
_jL-25729
_bR.131476
999 _c19293
_d19293